BIBLIOTECA PODER JUDICIAL
Portal Judicial TDF

Disquisiciones sobre el precedente "Soto" de la Corte Suprema / (Registro nro. 5490)

000 -LEADER
fixed length control field 01376nab a22002897a 4500
003 - CONTROL NUMBER IDENTIFIER
control field OSt
005 - DATE AND TIME OF LATEST TRANSACTION
control field 20251209100426.0
008 - FIXED-LENGTH DATA ELEMENTS--GENERAL INFORMATION
fixed length control field 190502c xxu||||| |||| 00| 0 spa d
040 ## - CATALOGING SOURCE
Transcribing agency PJ
100 ## - MAIN ENTRY--PERSONAL NAME
Personal name Sandhagen, Alberto
9 (RLIN) 4831
245 10 - TITLE STATEMENT
Title Disquisiciones sobre el precedente "Soto" de la Corte Suprema /
Statement of responsibility, etc Alberto Sandhagen.
260 ## - PUBLICATION, DISTRIBUTION, ETC. (IMPRINT)
Place of publication, distribution, etc Ciudad Autónoma de Buenos Aires :
Name of publisher, distributor, etc Thomson Reuters La Ley,
Date of publication, distribution, etc 2025.
300 ## - PHYSICAL DESCRIPTION
Extent p. 19-28
500 ## - GENERAL NOTE
General note Cita Online: AR/DOC/834/2025.
505 ## - FORMATTED CONTENTS NOTE
Formatted contents note Sumario: I. Objeto.— II. El trámite recursivo para llegar a la Corte Suprema.— III. Los fundamentos de la sentencia de la Corte Suprema de Justicia de la Nación.— IV. Apreciaciones personales sobre la sentencia dictada por la Corte Suprema.— V. Palabras finales.
505 ## - FORMATTED CONTENTS NOTE
Title Fallo comentado: CS ~ 27/12/2024 ~ Soto, Joaquín s/ homicidio agravado.
505 ## - FORMATTED CONTENTS NOTE
Title ¿Te interesa el texto completo? Solicitalo al correo: koha@justierradelfuego.gov.ar
650 #0 - SUBJECT ADDED ENTRY--TOPICAL TERM
9 (RLIN) 343
Topical term or geographic name as entry element DERECHO PENAL
650 #0 - SUBJECT ADDED ENTRY--TOPICAL TERM
9 (RLIN) 397
Topical term or geographic name as entry element PROCESAL PENAL
650 #0 - SUBJECT ADDED ENTRY--TOPICAL TERM
9 (RLIN) 4933
Topical term or geographic name as entry element PRISIÓN PERPETUA
650 #0 - SUBJECT ADDED ENTRY--TOPICAL TERM
9 (RLIN) 2913
Topical term or geographic name as entry element HOMICIDIO
650 #0 - SUBJECT ADDED ENTRY--TOPICAL TERM
9 (RLIN) 180
Topical term or geographic name as entry element DEBIDO PROCESO
650 #0 - SUBJECT ADDED ENTRY--TOPICAL TERM
9 (RLIN) 6132
Topical term or geographic name as entry element CONTROL DE CONVENCIONALIDAD
650 #0 - SUBJECT ADDED ENTRY--TOPICAL TERM
9 (RLIN) 4597
Topical term or geographic name as entry element CONSTITUCIONALIDAD
773 0# - HOST ITEM ENTRY
Host Biblionumber 2729
Host Itemnumber 3180
Place, publisher, and date of publication Buenos Aires : LexisNexis, 2006-
Title Revista de derecho penal y procesal penal. Nº 6 - Junio 2025
International Standard Book Number 9875920622
942 ## - ADDED ENTRY ELEMENTS (KOHA)
Source of classification or shelving scheme
Koha item type Analítica Artículo de Revista

No hay ítems disponibles.

12 de Octubre 789 Ushuaia - Tel:  54(02901)441571
Horario de Atención: 8.00 a 17.00 hs. 
bibliotecaush@justierradelfuego.gov.ar
koha@justierradelfuego.gov.ar
Seguinos en nuestras redes @bibliojustdf 

Con tecnología Koha